000
00277nam a22001217a 4500
008
190226b xxu||||| |||| 00| 0 eng d
041
_a
eng
080
_2
2nd
_a
371
100
_a
46
101
_a
EDU
245
_a
A Grammar of Present-day English
_c
Pence,R.W
942
_2
udc
_c
BK
999
_c
54263
_d
54263